000 00621cab a22001935a 4500
001 L156493
008 120529e20120425xxk f 000 0 eng d
035 _a(Sirsi) u156493
041 0 _aeng
100 1 _aHurst, Will
245 0 4 _aThe state of play
260 _c2012
490 0 _aBuilding
_v277(8729) 25 May 2012, 30-35(6)
520 _aLooks at architects, opportunities, challenges, large vs small practices, firms to watch, views from 3 architect bosses, and where to find the first signs of recovery.
590 _aKA
651 4 _aUnited Kingdom
_y
690 _aConstruction management
_96230
942 _n0
999 _c84038
_d84038